000 00513cam a22002051 4500
001 af 47002471
003 DLC
005 20260227110814.0
008 890617s1944 be 000 0 dut
010 _aaf 47002471
035 _a(OCoLC)19884622
040 _aDLC
_cCU
_dDLC
042 _apremarc
050 0 0 _aPT6401.A6
_bT6
100 1 _aAbert, Solvic.
245 1 0 _aToen Themis faalde,
_cdoor Solvic Abert.
250 _a1. druk.
260 _aAntwerpen,
_bN.v. "Patria,"
_c1944.
300 _a613 p.
_c20 cm.
999 _c1737
_d1737